02043nam a22002417a 450000500170000000800410001702000150005804000090007304100080008208200210009010000230011124500290013426000320016330000290019536500280022452013110025265000360156365000390159970000250163894200120166399900190167595201070169420220331111923.0220331b ||||| |||| 00| 0 eng d a000721684x cAloy aeng 223a813.54bDIDY aJoan Didion926899 aYear of magical thinking aLondonbFourth Estatec2005 avi,227 p.bHBc22x14 cm. 2Englishb6.99c£d6.99 aNEW YORK TIMES BESTSELLER • NATIONAL BOOK AWARD WINNER • From one of America’s iconic writers, a stunning book of electric honesty and passion that explores an intensely personal yet universal experience: a portrait of a marriage—and a life, in good times and bad—that will speak to anyone who has ever loved a husband or wife or child. Several days before Christmas 2003, John Gregory Dunne and Joan Didion saw their only daughter, Quintana, fall ill with what seemed at first flu, then pneumonia, then complete septic shock. She was put into an induced coma and placed on life support. Days later—the night before New Year’s Eve—the Dunnes were just sitting down to dinner after visiting the hospital when John Gregory Dunne suffered a massive and fatal coronary. In a second, this close, symbiotic partnership of forty years was over. Four weeks later, their daughter pulled through. Two months after that, arriving at LAX, she collapsed and underwent six hours of brain surgery at UCLA Medical Center to relieve a massive hematoma. This powerful book is Didion’ s attempt to make sense of the “weeks and then months that cut loose any fixed idea I ever had about death, about illness ... about marriage and children and memory ... about the shallowness of sanity, about life itself. aAmerican English Fiction926893 aAmerican English Literature926894 aDIDION (Joan)926895 2ddccGF c222112d222112 00102ddc40708ENGaALbALd2013-03-24l0o813.54 DIDYpGF02389r2022-03-31 00:00:00w2022-03-31yGF